01460cam a22003734i 4500003000900000005001700009008004100026020001500067035002700082040003300109082002100142245034300163264006600506300005400572336002100626337002500647338002300672505018700695526000900882526000900891526000900900526000900909526000900918526000900927526000800936526000800944526000800952526000800960526000800968526000800976650004400984651003001028651002801058PE-LiUPU20250731184609.0150616s r 000 0 d a0943872170 a(Sirsi) i9780943872179 aPE-LiUPUbspacPE-LiUPUerda04a915.695bM5322100aHistorical foundations :bstudies of literary references to Hesban and vicinity /ccolaboradores: Arthur J. Ferch, Malcolm B. Russell, Werner K. Vyhmeister, editores del volumen: Lawrence T. Geraty, Leona G. Correr, editor asociado, Lori A. Haynes, asistente de editor, Lorita E. Hubbard, asistentes técnicos: James K. Brower [y otros]. 1aBerrien Springs, Michigan :bAndrews University Press,c1989. a97 páginas :bilustraciones ;c29 centímetros atext2rdacontent aunmediated2rdamedia avolume2rdacarrier0 aThe history of Heshbon from the literary sources.- Hesban during the Arab period: A.D.635 to the present.- A review of critical studies of old testament references to Heshbon.- Etc.. aP136 aP135 aP134 aP133 aP144 aP143 aP87 aP35 aP20 aP14 aP10 aP0604aExcavaciones (Arqueología)zJordania. aHesbón (Ciudad Extinta) aJordanxAntigüedades.